| 000 | 00889 a2200217 4500 | ||
|---|---|---|---|
| 003 | Nust | ||
| 005 | 20220803124627.0 | ||
| 010 | _a 2002019322 | ||
| 020 | _a0824707982 (alk. paper) | ||
| 040 | _cNust | ||
| 082 | 0 | 0 | _a621.31,BRO |
| 100 | 1 |
_aBrown, Richard E., _996422 |
|
| 245 | 1 | 0 |
_aElectric Power Distribution Reliability / _cRichard E. Brown. |
| 260 |
_aNew York : _bMarcel Dekker, _c2002. |
||
| 300 |
_ax, 365 p. : _bill. ; _c23 cm. |
||
| 440 | 0 |
_aPower engineering _996423 |
|
| 505 | _aDistribution Systems (Page-1), Reliability Metrics and Indices (Page-39), Interruption Causes (Page-75), Component Modeling (Page-115), System Modeling (Page-143), System Analysis (Page-213), System Optimization (Page-291). | ||
| 650 | 0 | _aTelecommunication Engineering. | |
| 856 | 4 | 2 |
_3Publisher description _uhttp://www.loc.gov/catdir/enhancements/fy0646/2002019322-d.html |
| 942 |
_cREF _2ddc |
||
| 999 |
_c175555 _d175555 |
||